Maxims / (Record no. 121443)
[ view plain ]
| 000 -LEADER | |
|---|---|
| fixed length control field | 01686cam a2200409 a 4500 |
| 001 - CONTROL NUMBER | |
| control field | 13591971 |
| 003 - CONTROL NUMBER IDENTIFIER | |
| control field | ARRUPE |
| 005 - DATE AND TIME OF LATEST TRANSACTION | |
| control field | 20141210133129.0 |
| 008 - FIXED-LENGTH DATA ELEMENTS--GENERAL INFORMATION | |
| fixed length control field | 040513s2002 miua b 000 0 eng d |
| 010 ## - LIBRARY OF CONGRESS CONTROL NUMBER | |
| LC control number | 2004299493 |
| 020 ## - INTERNATIONAL STANDARD BOOK NUMBER | |
| International Standard Book Number | 0879076771 |
| 020 ## - INTERNATIONAL STANDARD BOOK NUMBER | |
| International Standard Book Number | 0879077778 (pbk.) |
| 035 ## - SYSTEM CONTROL NUMBER | |
| System control number | (OCoLC)ocm49793947 |
| 040 ## - CATALOGING SOURCE | |
| Original cataloging agency | XII |
| Transcribing agency | XII |
| Modifying agency | GZM |
| -- | DLC |
| 041 1# - LANGUAGE CODE | |
| Language code of text/sound track or separate title | eng |
| Language code of original and/or intermediate translations of text | lat |
| 042 ## - AUTHENTICATION CODE | |
| Authentication code | lccopycat |
| 043 ## - GEOGRAPHIC AREA CODE | |
| Geographic area code | e-fr--- |
| 050 00 - LIBRARY OF CONGRESS CALL NUMBER | |
| Classification number | BX4700.S76 |
| Item number | S76 2002 |
| 082 00 - DEWEY DECIMAL CLASSIFICATION NUMBER | |
| Classification number | 255/.79 |
| Edition number | 22 |
| 300 ## - PHYSICAL DESCRIPTION | |
| Other physical details | ill. ; |
| Dimensions | 22 cm. |
| 100 0# - MAIN ENTRY--PERSONAL NAME | |
| Personal name | Stephen, |
| Titles and other words associated with a name | of Muret, Saint, |
| Dates associated with a name | approximately 1045-1124. |
| 9 (RLIN) | 13222 |
| 245 10 - TITLE STATEMENT | |
| Title | Maxims / |
| Statement of responsibility, etc | Stephen of Muret ; translation by Deborah van Doel ; preface by Jean Becquet ; introduction by Carole Hutchison ; illustrations by Kate Douglas ; edited by Maureen M. O'Brien. |
| 260 ## - PUBLICATION, DISTRIBUTION, ETC. (IMPRINT) | |
| Place of publication, distribution, etc | Kalamazoo, Mich. : |
| Name of publisher, distributor, etc | Cistercian Publications, |
| Date of publication, distribution, etc | 2002. |
| 300 ## - PHYSICAL DESCRIPTION | |
| Extent | xvii, 175 p. : |
| 440 #0 - SERIES STATEMENT/ADDED ENTRY--TITLE | |
| Title | Cistercian studies series ; |
| Volume number/sequential designation | no. 177 |
| 9 (RLIN) | 13223 |
| 504 ## - BIBLIOGRAPHY, ETC. NOTE | |
| Bibliography, etc | Includes bibliographical references (p. 173-175). |
| 600 00 - SUBJECT ADDED ENTRY--PERSONAL NAME | |
| Personal name | Stephen, |
| Titles and other words associated with a name | of Muret, Saint, |
| Dates associated with a name | approximately 1045-1124 |
| Form subdivision | Quotations. |
| 9 (RLIN) | 13224 |
| 610 20 - SUBJECT ADDED ENTRY--CORPORATE NAME | |
| Corporate name or jurisdiction name as entry element | Order of Grandmont. |
| 9 (RLIN) | 13225 |
| 650 #0 - SUBJECT ADDED ENTRY--TOPICAL TERM | |
| Topical term or geographic name as entry element | Christian saints |
| Geographic subdivision | France |
| Form subdivision | Quotations. |
| 9 (RLIN) | 13226 |
| 650 #0 - SUBJECT ADDED ENTRY--TOPICAL TERM | |
| Topical term or geographic name as entry element | Hermits |
| Geographic subdivision | France |
| Form subdivision | Quotations. |
| 9 (RLIN) | 13227 |
| 650 #0 - SUBJECT ADDED ENTRY--TOPICAL TERM | |
| Topical term or geographic name as entry element | Spiritual life |
| General subdivision | Christianity |
| Form subdivision | Quotations, maxims, etc. |
| 9 (RLIN) | 13228 |
| 650 #0 - SUBJECT ADDED ENTRY--TOPICAL TERM | |
| Topical term or geographic name as entry element | Monastic and religious life |
| Form subdivision | Quotations, maxims, etc. |
| 9 (RLIN) | 13229 |
| 700 1# - ADDED ENTRY--PERSONAL NAME | |
| Personal name | Doel, Deborah van. |
| 9 (RLIN) | 13230 |
| 700 1# - ADDED ENTRY--PERSONAL NAME | |
| Personal name | O'Brien, Maureen M. |
| 9 (RLIN) | 13231 |
| 906 ## - LOCAL DATA ELEMENT F, LDF (RLIN) | |
| a | 7 |
| b | cbc |
| c | copycat |
| d | 2 |
| e | ncip |
| f | 20 |
| g | y-gencatlg |
| 942 ## - ADDED ENTRY ELEMENTS (KOHA) | |
| Source of classification or shelving scheme | Library of Congress Classification |
| Koha item type | Monograph ( Printed materials) |
| Withdrawn status | Lost status | Source of classification or shelving scheme | Damaged status | Not for loan | Collection code | Home library | Current library | Shelving location | Date acquired | Total Checkouts | Full call number | Barcode | Date last seen | Price effective from | Koha item type |
|---|---|---|---|---|---|---|---|---|---|---|---|---|---|---|---|
| Library of Congress Classification | Main Collection | ARRUPE LIBRARY | ARRUPE LIBRARY | Main Collection | 10/12/2014 | BX3672.Z9 S73M3 | 46500003493 | 22/11/2017 | 10/12/2014 | Monograph ( Printed materials) |